Consoles Nintendo - Statistiques

Statistiques générales
  • Ce quiz a été pris 115 fois
  • Le résultat moyen est 13 sur 38
Statistiques - réponses
Hint Réponse % Correct
2006 Wii
88%
2017 Nintendo Switch
84%
1989 Game Boy
80%
2012 Wii U
80%
2004 Nintendo DS
76%
2011 Nintendo 3DS
74%
1998 Game Boy color
65%
2001 GameCube
61%
2001 Game Boy Advance
60%
1996 Nintendo 64
58%
2013 Nintendo 2DS
56%
2012 Nintendo 3DS XL
41%
2009 Nintendo DSi
40%
2019 Nintendo Switch Lite
39%
2006 Nintendo DS Lite
38%
1985 Nintendo Entertainment System
34%
2021 Nintendo Switch OLED
33%
1995 Virtual Boy
32%
1991 Super Nintendo Entertainment System
28%
1983 Famicom
26%
2010 Nintendo DSi XL
24%
2003 Game Boy Advance SP
20%
2005 Game Boy Micro
20%
2014 New Nintendo 3DS
18%
1996 Game Boy Pocket
17%
1990 Super Famicom
17%
2014 New Nintendo 3DS XL
16%
1977 Color TV-Game
11%
1998 Game Boy Light
10%
2017 New Nintendo 2DS XL
10%
2003 iQue Player
6%
2001 Pokemon Mini
6%
2016 Nintendo Classic Mini
5%
2017 Nintendo Classic Mini : Super Nintendo Entertainment System
5%
1990 Nintendo Entertainment System Top Loader
5%
1998 Pokemon Pikachu
5%
1991 Game and Watch (dernier modèle)
0%
1980 Game and Watch (premier modèle)
0%
Aucun quiz correspondant
Distribution des résultats
% des personnes avec chaque résultat
Percentile par nombre de réponses
Votre historique - résultats
Vous n’avez pas pris ce quiz